000 00450nam a2200181Ia 4500
001 11030
005 20260306161916.0
008 260306t1968||||xx |||||||||||||| ||spa||
041 _aESP
082 _a985.001
_bE92
100 _aBarba, Francisco Esteve
_eAUT
245 0 _aCrónicas peruanas de interés indígena
260 _c1968
300 _alxxiv, 324 páginas :
_c24 cm.
650 _aGEN
654 _aCHU
942 _cLIB
_dJUS
_fJUS
_2ddc
_n
999 _c11030
_d11030